| 000 | 01064nam0a22002651 4500 | ||
|---|---|---|---|
| 001 | rc\3383637 | ||
| 005 | 20260407164510.0 | ||
| 021 |
_aRU _b[73-95067] |
||
| 035 | _a(NLR Aleph) 007535555 | ||
| 090 |
_a7768311 _c7768311 |
||
| 100 | _a20130115d1973 |||y0rusy50 ca | ||
| 101 | 0 | _arus | |
| 102 | _aRU | ||
| 105 | _ay z ||||| | ||
| 200 | 1 |
_aАктуальные проблемы экономической теории и практики _e[Сборник статей] _fМ-во высш. и сред. спец. образования КазССР. Алма-Ат. ин-т нар. хоз-ва |
|
| 210 |
_aАлма-Ата _cБ. и. _d1973 |
||
| 215 |
_a452 с. _d20 |
||
| 606 |
_aПолитическая экономия социализма _jСборники _2psbo |
||
| 606 |
_aЭкономика СССР _2psbo |
||
| 712 | 0 | 2 |
_aАлма-Атинский институт народного хозяйства _3RU\NLR\AUTH\8810103729 _9707977 |
| 801 | 0 |
_aRU _bNLR _gpsbo |
|
| 801 | 1 |
_aRU _bELAR _2rusmarc |
|
| 852 |
_aNLR _j73-3/2135 |
||
| 942 | _cBOOK | ||
| 980 | _aNB | ||